Statistics for Modern Day Countries of the Mauryan Empire on a Map

Click here to take the quiz!

General Stats

  • This quiz has been taken 10,807 times
  • The average score is 5 of 5

Answers on the Map

Answers color-coded by a green-red scale on the quiz's map according to % correct below.
 

Answer Stats

Countries% Correct
India
100%
Pakistan
99%
Afghanistan
98%
Bangladesh
98%
Nepal
98%

Score Distribution

Percentile by Number Answered

Percent of People with Each Score

Your Score History

You have not taken this quiz